Effective parenting an eye on the future (Record no. 6520)

MARC details
000 -LEADER
fixed length control field 00762 a2200205 4500
005 - DATE AND TIME OF LATEST TRANSACTION
control field 20080829125435.0
008 - FIXED-LENGTH DATA ELEMENTS--GENERAL INFORMATION
fixed length control field 080829t xxu||||| |||| 00| 0 eng d
010 ## - LIBRARY OF CONGRESS CONTROL NUMBER
LC control number ENG-87424
020 ## - INTERNATIONAL STANDARD BOOK NUMBER
International Standard Book Number 8173352143
Terms of availability 150.00
035 ## - SYSTEM CONTROL NUMBER
System control number EN-70957
037 ## - SOURCE OF ACQUISITION
Source of stock number/acquisition DBAD / PUB
082 ## - DEWEY DECIMAL CLASSIFICATION NUMBER
Classification number 649.1
100 ## - MAIN ENTRY--PERSONAL NAME
Personal name Arora, S.C.
245 ## - TITLE STATEMENT
Title Effective parenting an eye on the future
Statement of responsibility, etc by S.C. Arora
260 ## - PUBLICATION, DISTRIBUTION, ETC. (IMPRINT)
Place of publication, distribution, etc New Delhi
Name of publisher, distributor, etc Saraswati House
Date of publication, distribution, etc n.d
270 ## - ADDRESS
Address 9, Daryaganj, New Telephone Office
City New Delhi
Postal code 110 002
300 ## - PHYSICAL DESCRIPTION
Extent 100 p.
Other physical details ill.
Dimensions 21 cm ( pbk.)
942 ## - ADDED ENTRY ELEMENTS (KOHA)
Institution code [OBSOLETE] dpl
Koha item type English Books
Call number prefix 649.1/ARO
Source of classification or shelving scheme Dewey Decimal Classification
Classification part 649.1
Call number suffix ARO
Holdings
Withdrawn status Lost status Damaged status Not for loan Home library Current library Date acquired Cost, normal purchase price Total Checkouts Full call number Barcode Date last seen Copy number Uniform Resource Identifier Cost, replacement price Price effective from Koha item type
        D.B.Act.Division D.B.Act.Division 29/08/2008 150.00   649.1 ARO EN-70957 15/09/2008 1 7013 150.00 15/09/2008 English Books

© Delhi Public Library
Hit Counter
free hit counter